000 01186nam a22002897a 4500
003 OSt
005 20260530113915.0
008 260508b2012 |||ao||| |||| 001 0 eng d
020 4 _a9786079585006
040 _aICI
_bspa
_cICI
_erda
050 4 _aNK1414.A1
_bD57 2012
100 _aGuzmán Bofil, Carlos
_qdir.
_eautor
_934002
245 _aDirectorio de diseño Mexicano 2012
_bDirectory of Mexican design 2012
264 _aMéxico, D.F.]
_bCentro de Diseño, Cine y Televisión
_bProMéxico,
_c2012
300 _a390 páginas
336 _2rdacontent
_atexto
337 _2rdamedia
_asin medio
338 _2rdacarrier
_avolumen
500 _aespañol e inglés
650 4 _aDiseño
_vDirectorios
_xHistoria
_ySiglo XXI
_zMéxico
_934003
650 4 _aDiseño industrial
_vDirectorios
_xHistoria
_ySiglo XXI
_zMéxico
_934004
650 4 _aDiseño de muebles
_vDirectorios
_xHistoria
_ySiglo XXI
_zMéxico
_934005
650 4 _aArtes gráficas
_vDirectorios
_xHistoria
_ySiglo XXI
_zMéxico
_934006
650 4 _aDiseño de modas
_vDirectorios
_xHistoria
_ySiglo XXI
_zMéxico
_934007
650 4 _aDecoración de interiores
_vDirectorios
_xHistoria
_ySiglo XXI
_zMéxico
_934008
942 _2lcc
_cBK
_n1
999 _c12269
_d12269